000 00494nam a2200157 4500
001 110143
003 ES-MaACL
005 20230906185001.0
007 t|
008 061121s1963 sp r ||||1| spa d
100 1 _aOrbe, Antonio.
_987152
245 1 0 _aCarta de San Pablo a los romanos
_b: consideraciones primeras (Rom. 1-4) /
_cAntonio Orbe S. J.
260 _aBilbao :
_bEl Mensajero del Corazón de Jesús,
_c1963.
300 _a573 p. ;
_c23 cm.
852 _aES-MaACL
_jC-23859
_bR.52489
999 _c110143
_d110143